QUEST Central Library Banner

god universe and life (Record no. 14060)

MARC details
000 -LEADER
fixed length control field 00220nam a22001097a 4500
082 ## - DEWEY DECIMAL CLASSIFICATION NUMBER
Classification number 297.1228MUN
100 ## - MAIN ENTRY--AUTHOR NAME
Personal name M.Munir
245 ## - TITLE STATEMENT
Title god universe and life
260 ## - PUBLICATION, DISTRIBUTION, ETC. (IMPRINT)
Place of publication Islamabad
Year of publication 1983
300 ## - PHYSICAL DESCRIPTION
Number of Pages 216
942 ## - ADDED ENTRY ELEMENTS (KOHA)
Koha item type Books
Holdings
Withdrawn status Lost status Home library Current library Date acquired Cost, normal purchase price Full call number Accession Number Koha item type
    Central Library, QUEST, Nawabshah Central Library, QUEST, Nawabshah 16/09/2015 100.00 297.1228MUN 11819 Books

Copyright © 2018,The QUEST, Nawabshah, Shaheed Benazirabad. All rights reserved
Mr. G. Farooq Channar (Librarian) QUEST, Nawabshah, Sindh, Pakistan 67480.
 Ph#: |   0244-9370381-4 Ext. 2308   Email| lib@quest.edu.pk   Web|  http://www.quest.edu.pk